[Event "POL-ch Blitz U18"]
[Site "Bydgoszcz"]
[Date "2023.08.31"]
[Round "3"]
[White "Pancewicz, Szymon"]
[Black "Demski, Michal"]
[Result "0-1"]
[WhiteElo "1763"]
[BlackElo "1966"]
[PlyCount "50"]
[EventDate "2023.08.28"]
[EventType "swiss"]
[EventRounds "10"]
[EventCountry "POL"]
[SourceTitle "EXT 2024"]
[Source "ChessBase"]
[SourceDate "2023.10.10"]
[SourceVersion "1"]
[SourceVersionDate "2023.10.10"]
[SourceQuality "1"]

1. d4 d6 2. Nc3 e5 3. dxe5 dxe5 4. Qxd8+ Kxd8 5. Nf3 f6 6. e4 c6 7. Be3 Be6 8. 0-0-0+ Kc7 9. Nd2 b5 10. f4 Nd7 11. Nf3 h6 12. h3 a5 13. g4 a4 14. a3 b4 15. axb4 Bxb4 16. Ne2 a3 17. bxa3 Rxa3 18. Rd3 Ne7 19. Rxa3 Bxa3+ 20. Kd2 Rb8 21. Ng3 Bb4+ 22. Kc1 Ra8 23. Bd3 Ra1+ 24. Kb2 Ra2+ 25. Kb1 Bc3 0-1

[Event "POL-ch Rapid U18"]
[Site "Bydgoszcz"]
[Date "2023.08.30"]
[Round "11"]
[White "Krawczyk, Flawian"]
[Black "Demski, Michal"]
[Result "1-0"]
[WhiteElo "2015"]
[BlackElo "1963"]
[PlyCount "87"]
[EventDate "2023.08.28"]
[EventType "swiss"]
[EventRounds "11"]
[EventCountry "POL"]
[SourceTitle "EXT 2024"]
[Source "ChessBase"]
[SourceDate "2023.10.10"]
[SourceVersion "1"]
[SourceVersionDate "2023.10.10"]
[SourceQuality "1"]

1. d4 d6 2. Nf3 Bg4 3. e3 Nd7 4. b3 c6 5. Bb2 e6 6. Be2 Ngf6 7. Nbd2 d5 8. 0-0 Bd6 9. Ne5 Bxe2 10. Qxe2 0-0 11. f4 Qe7 12. c4 Ba3 13. Bxa3 Qxa3 14. g4 Nxe5 15. dxe5 Nd7 16. Nf3 Qc5 17. Rad1 Rad8 18. Rd4 Qe7 19. cxd5 exd5 20. e4 dxe4 21. Rxe4 Nc5 22. Re3 Ne6 23. f5 Nf4 24. Qc4 Nh3+ 25. Kg2 Ng5 26. Qf4 Nxf3 27. Rexf3 Rd5 28. Re1 Re8 29. Rfe3 Rd2+ 30. Kg3 Red8 31. f6 Qe6 32. Qg5 Kf8 33. Qxg7+ Ke8 34. Qxh7 R8d4 35. Qf5 Rg2+ 36. Kxg2 Rxg4+ 37. Qxg4 Qxg4+ 38. Rg3 Qh5 39. Ree3 Kd7 40. e6+ fxe6 41. Ref3 Qc5 42. f7 Qc2+ 43. Rf2 Qe4+ 44. Kg1 1-0

[Event "POL-ch Rapid U18"]
[Site "Bydgoszcz"]
[Date "2023.08.29"]
[Round "6"]
[White "Demski, Michal"]
[Black "Nagly, Wojciech"]
[Result "1-0"]
[WhiteElo "1963"]
[BlackElo "1758"]
[PlyCount "54"]
[EventDate "2023.08.28"]
[EventType "swiss"]
[EventRounds "11"]
[EventCountry "POL"]
[SourceTitle "EXT 2024"]
[Source "ChessBase"]
[SourceDate "2023.10.10"]
[SourceVersion "1"]
[SourceVersionDate "2023.10.10"]
[SourceQuality "1"]

1. c4 c5 2. Nc3 Nc6 3. g3 g6 4. Bg2 Bg7 5. e3 e6 6. Nge2 Nge7 7. 0-0 0-0 8. d3 d5 9. a3 b6 10. Qc2 Bb7 11. b3 Qd7 12. Bb2 Rfd8 13. Rfd1 Rac8 14. h4 d4 15. exd4 Nxd4 16. Nxd4 Bxd4 17. Ne4 Bxe4 18. Bxe4 Nc6 19. h5 f5 20. Bg2 Qc7 21. Bxc6 Qxc6 22. Bxd4 Rxd4 23. Qd2 Qf3 24. hxg6 hxg6 25. Qe3 Qc6 26. Re1 Kf7 27. Qh6 Qa8 1-0

[Event "Polanica Zdroj op 59th"]
[Site "Polanica Zdroj"]
[Date "2023.08.26"]
[Round "8"]
[White "Kokoszczynski, Jan"]
[Black "Demski, Michal"]
[Result "1-0"]
[WhiteElo "2256"]
[BlackElo "2097"]
[PlyCount "86"]
[EventDate "2023.08.19"]
[EventType "swiss"]
[EventRounds "9"]
[EventCountry "POL"]
[SourceTitle "CBM 215 Extra"]
[Source "ChessBase"]
[SourceDate "2023.09.30"]
[SourceVersion "1"]
[SourceVersionDate "2023.09.30"]
[SourceQuality "1"]

1. Nf3 d6 2. d4 Bg4 3. c4 c6 4. Nc3 Nd7 5. e4 e5 6. Be2 Ngf6 7. 0-0 Be7 8. Be3 0-0 9. d5 cxd5 10. cxd5 Ne8 11. Nd2 Bxe2 12. Qxe2 f5 13. exf5 Rxf5 14. Nde4 Rf8 15. Rad1 h6 16. Qg4 Ndf6 17. Qg6 Kh8 18. Rd3 Qd7 19. h3 Nxe4 20. Nxe4 Nf6 21. Nxf6 Rxf6 22. Qe4 Rc8 23. Bxa7 Rf4 24. Qe2 Ra4 25. Be3 Rxa2 26. Rb3 Ra4 27. Rd1 Rcc4 28. Qh5 Bf6 29. Qg6 Qe7 30. Rb6 Rc7 31. Rxd6 Qxd6 32. Qe8+ Kh7 33. Qxa4 g6 34. Qe4 Bg7 35. h4 h5 36. g3 b5 37. b4 Rc4 38. Qd3 Rxb4 39. Rc1 e4 40. Qa3 Bf8 41. Qa7+ Bg7 42. Bc5 Ra4 43. Qxg7+ Kxg7 1-0

[Event "Krakow op-B 33rd"]
[Site "Krakow"]
[Date "2023.01.02"]
[Round "6"]
[White "Kumor, Lukasz"]
[Black "Demski, Michal"]
[Result "1/2-1/2"]
[WhiteElo "2052"]
[BlackElo "1894"]
[PlyCount "118"]
[EventDate "2022.12.27"]
[EventType "swiss"]
[EventRounds "9"]
[EventCountry "POL"]
[SourceTitle "CBM 212 Extra"]
[Source "ChessBase"]
[SourceDate "2023.03.31"]
[SourceVersion "1"]
[SourceVersionDate "2023.03.31"]
[SourceQuality "1"]

1. e4 d6 2. d4 Nf6 3. Nc3 e5 4. Nge2 Nbd7 5. f3 Be7 6. Be3 c6 7. Qd2 0-0 8. g4 b5 9. Ng3 exd4 10. Bxd4 Ne5 11. Be2 b4 12. Nd1 c5 13. Bf2 Ne8 14. Ne3 Bg5 15. 0-0 Nc7 16. Rad1 Nb5 17. Kg2 Nd4 18. c3 bxc3 19. bxc3 Ne6 20. Ngf5 Nf4+ 21. Kh1 Be6 22. Bg3 Qa5 23. h4 Nxe2 24. Qxe2 Bxe3 25. Qxe3 Nc4 26. Qe2 Qxc3 27. Rc1 Qb4 28. Nxd6 Nb6 29. Qf2 c4 30. h5 h6 31. Rb1 Qa3 32. Qb2 Qe3 33. Rbe1 Qc5 34. Qe5 Nd7 35. Qxc5 Nxc5 36. Rc1 Nd3 37. Rc3 Nb4 38. a3 Na2 39. Rc2 c3 40. Ra1 Bb3 41. Rcxa2 Bxa2 42. Rxa2 Rab8 43. Be5 Rfd8 44. Nc4 Rbc8 45. Ne3 c2 46. Rxc2 Rxc2 47. Nxc2 Rd1+ 48. Kg2 Rd2+ 49. Kg3 Rxc2 50. Bd6 Re2 51. e5 a6 52. Kf4 g5+ 53. Kg3 Kg7 54. Kh3 f6 55. exf6+ Kxf6 56. Kg3 Re6 57. Bf8 Ke5 58. f4+ gxf4+ 59. Kf3 Kd5 1/2-1/2

[Event "POL-ch U16"]
[Site "Jastrzebia Gora"]
[Date "2023.??.??"]
[Round "2"]
[White "Janeczko, Jakub"]
[Black "Demski, Michal"]
[Result "1/2-1/2"]
[WhiteElo "2221"]
[BlackElo "2009"]
[PlyCount "66"]
[EventDate "2023.03.11"]
[EventType "swiss"]
[EventRounds "9"]
[EventCountry "POL"]
[SourceTitle "CBM 213 Extra"]
[Source "ChessBase"]
[SourceDate "2023.05.31"]
[SourceVersion "1"]
[SourceVersionDate "2023.05.31"]
[SourceQuality "1"]

1. e4 d5 2. exd5 Qxd5 3. Nc3 Qa5 4. d4 Nf6 5. Nf3 Bg4 6. h3 Bh5 7. g4 Bg6 8. Ne5 c6 9. Be2 Nbd7 10. Nxd7 Nxd7 11. 0-0 e6 12. Bf4 Be7 13. a3 0-0 14. Bg3 Nf6 15. Bf3 Qb6 16. Na4 Qd8 17. Re1 Bd6 18. Be5 Bxe5 19. dxe5 Nd5 20. Qd2 Qh4 21. Bg2 h5 22. c4 hxg4 23. hxg4 Qxg4 24. cxd5 Qxa4 25. d6 Qc2 26. Qg5 Qxb2 27. Rad1 Bf5 28. Re3 f6 29. Qg3 fxe5 30. Rb3 Qc2 31. Re1 Qd2 32. Qxe5 Rf6 33. Rxb7 Rd8 1/2-1/2

[Event "POL-ch U16"]
[Site "Jastrzebia Gora"]
[Date "2023.??.??"]
[Round "5"]
[White "Starosciak, Szymon"]
[Black "Demski, Michal"]
[Result "1/2-1/2"]
[WhiteElo "2037"]
[BlackElo "2009"]
[PlyCount "79"]
[EventDate "2023.03.11"]
[EventType "swiss"]
[EventRounds "9"]
[EventCountry "POL"]
[SourceTitle "CBM 213 Extra"]
[Source "ChessBase"]
[SourceDate "2023.05.31"]
[SourceVersion "1"]
[SourceVersionDate "2023.05.31"]
[SourceQuality "1"]

1. Nf3 d6 2. d4 Bg4 3. e4 Nf6 4. Nc3 c6 5. a4 e6 6. Bd3 Be7 7. h3 Bh5 8. Qe2 d5 9. exd5 cxd5 10. Qe3 Nc6 11. Ne2 Bg6 12. Bxg6 hxg6 13. 0-0 Rc8 14. c3 Na5 15. Nf4 Ne4 16. Nd3 Nb3 17. Ra2 a6 18. Nfe5 Qa5 19. f3 Ng3 20. Re1 Nf5 21. Qe2 0-0 22. g4 Nh4 23. Bf4 b5 24. Qd1 f6 25. Nd7 Rfd8 26. Bg3 g5 27. Bxh4 gxh4 28. Qxb3 Rxd7 29. Rxe6 Qc7 30. f4 b4 31. cxb4 a5 32. b5 Qc4 33. Qxc4 Rxc4 34. Nc5 Bxc5 35. dxc5 Rxc5 36. Ra3 Rc2 37. Rc3 Rxb2 38. Rd3 Rb4 39. b6 Rxa4 40. Re8+ 1/2-1/2

[Event "Wroclaw op-A"]
[Site "Wroclaw"]
[Date "2022.08.07"]
[Round "9"]
[White "Demski, Michal"]
[Black "Barwinska, Ewa"]
[Result "1/2-1/2"]
[WhiteElo "1737"]
[BlackElo "1940"]
[PlyCount "58"]
[EventDate "2022.07.31"]
[EventType "swiss"]
[EventRounds "9"]
[EventCountry "POL"]
[SourceTitle "CBM 209 Extra"]
[Source "ChessBase"]
[SourceDate "2022.09.30"]
[SourceVersion "1"]
[SourceVersionDate "2022.09.30"]
[SourceQuality "1"]

1. e4 c5 2. Nf3 a6 3. d3 Nc6 4. g3 e6 5. Bg2 d5 6. Nbd2 Nf6 7. 0-0 Be7 8. c3 dxe4 9. dxe4 0-0 10. Qc2 b5 11. Rd1 Qc7 12. Nf1 Bb7 13. Bf4 Qb6 14. Ne3 Rfd8 15. e5 Nd7 16. h4 Rac8 17. Bg5 Nf8 18. Ng4 h5 19. Ne3 Bxg5 20. hxg5 Ng6 21. Rxd8+ Rxd8 22. Rd1 Rxd1+ 23. Qxd1 Ncxe5 24. Nxe5 Nxe5 25. Qxh5 Bxg2 26. Nxg2 Qc6 27. Qd1 Qd5 28. Qxd5 exd5 29. Nf4 Nc4 1/2-1/2

[Event "Wroclaw op-A"]
[Site "Wroclaw"]
[Date "2022.08.01"]
[Round "3"]
[White "Den Boer, Lennard"]
[Black "Demski, Michal"]
[Result "1-0"]
[WhiteElo "2148"]
[BlackElo "1737"]
[PlyCount "87"]
[EventDate "2022.07.31"]
[EventType "swiss"]
[EventRounds "9"]
[EventCountry "POL"]
[SourceTitle "CBM 209 Extra"]
[Source "ChessBase"]
[SourceDate "2022.09.30"]
[SourceVersion "1"]
[SourceVersionDate "2022.09.30"]
[SourceQuality "1"]

1. e4 e5 2. Bc4 Nf6 3. d3 Nc6 4. Nf3 Be7 5. 0-0 0-0 6. Re1 d6 7. c3 h6 8. h3 Kh8 9. Nbd2 Na5 10. Bb5 a6 11. Ba4 b5 12. Bc2 c5 13. a4 Bd7 14. Nf1 Nc6 15. Ne3 b4 16. d4 cxd4 17. cxd4 Rc8 18. b3 Re8 19. Bb2 Bf8 20. dxe5 dxe5 21. Nc4 Qc7 22. Rc1 Bc5 23. Bb1 Qa7 24. Qe2 Nd4 25. Nxd4 Bxd4 26. Bxd4 exd4 27. e5 Ng8 28. Nd6 Be6 29. Nxc8 Bxc8 30. Qe4 g6 31. Rc4 a5 32. Qxd4 Qe7 33. Re3 Be6 34. Rc1 Rd8 35. Qb6 Rd2 36. Qxa5 Qh4 37. Rf1 Ne7 38. Be4 Rd4 39. Qa8+ Kg7 40. a5 Bd5 41. Bxd5 Nxd5 42. Qb7 Qg5 43. e6 Qf5 44. Qxf7+ 1-0

[Event "Wroclaw op-A"]
[Site "Wroclaw"]
[Date "2022.07.31"]
[Round "1"]
[White "Drozniak, Stanislaw"]
[Black "Demski, Michal"]
[Result "0-1"]
[WhiteElo "2100"]
[BlackElo "1737"]
[PlyCount "82"]
[EventDate "2022.07.31"]
[EventType "swiss"]
[EventRounds "9"]
[EventCountry "POL"]
[SourceTitle "CBM 209 Extra"]
[Source "ChessBase"]
[SourceDate "2022.09.30"]
[SourceVersion "1"]
[SourceVersionDate "2022.09.30"]
[SourceQuality "1"]

1. e4 d6 2. d4 Nf6 3. Nc3 e5 4. Nf3 Nbd7 5. Be2 Be7 6. 0-0 0-0 7. Re1 c6 8. a4 Qc7 9. Bf1 Re8 10. h3 b6 11. Be3 Bb7 12. dxe5 dxe5 13. Nd2 a6 14. Qf3 b5 15. g4 Nf8 16. Bg2 Ne6 17. Ne2 Nd7 18. Qg3 Bf8 19. Rad1 Nec5 20. axb5 axb5 21. Ra1 Na6 22. Nb3 Nb4 23. Rxa8 Rxa8 24. Rc1 Ra2 25. Bd4 c5 26. Bc3 Nc6 27. Rd1 b4 28. Nec1 Ra8 29. Be1 c4 30. Nd2 Ra1 31. Bf3 Nd4 32. c3 bxc3 33. bxc3 Nxf3+ 34. Qxf3 Ba3 35. Nxc4 Qxc4 36. Rxd7 Rxc1 37. Rxb7 Rxe1+ 38. Kh2 Bf8 39. Qf5 Rxe4 40. Rb8 Re2 41. Rc8 Rxf2+ 0-1

[Event "Wroclaw Anderssen Memorial"]
[Site "Wroclaw"]
[Date "2022.07.30"]
[Round "8"]
[White "Jasniewicz, Rafal"]
[Black "Demski, Michal"]
[Result "0-1"]
[WhiteElo "1631"]
[BlackElo "1737"]
[PlyCount "60"]
[EventDate "2022.07.30"]
[EventType "swiss (rapid)"]
[EventRounds "9"]
[EventCountry "POL"]
[SourceTitle "CBM 209 Extra"]
[Source "ChessBase"]
[SourceDate "2022.09.30"]
[SourceVersion "1"]
[SourceVersionDate "2022.09.30"]
[SourceQuality "1"]

1. e4 e5 2. Nf3 Nc6 3. Bc4 Be7 4. 0-0 Nf6 5. Re1 d6 6. c3 0-0 7. d4 Bg4 8. d5 Nb8 9. Bb3 Nbd7 10. Be3 Nxe4 11. Bxa7 Rxa7 12. Rxe4 f5 13. Ra4 Rxa4 14. Bxa4 e4 15. h3 exf3 16. hxg4 fxg4 17. Qd4 fxg2 18. Qxg4 Ne5 19. Qe6+ Kh8 20. Nd2 Bh4 21. Ne4 Bxf2+ 22. Nxf2 Qh4 23. Nh3 Qxa4 24. Qe7 Nf3+ 25. Kf2 Qc2+ 26. Kg3 Qg6+ 27. Kf2 Re8 28. Qxc7 g1Q+ 29. Rxg1 Nxg1 30. Nxg1 Rf8+ 0-1

[Event "POL-ch U16"]
[Site "Sypniewo"]
[Date "2022.03.27"]
[Round "9"]
[White "Demski, Michal"]
[Black "Wilk, Igor"]
[Result "0-1"]
[WhiteElo "1678"]
[BlackElo "1753"]
[PlyCount "56"]
[EventDate "2022.03.19"]
[EventType "swiss"]
[EventRounds "9"]
[EventCountry "POL"]
[SourceTitle "CBM 207 Extra"]
[Source "ChessBase"]
[SourceDate "2022.05.31"]
[SourceVersion "1"]
[SourceVersionDate "2022.05.31"]
[SourceQuality "1"]

1. d4 d5 2. c4 e6 3. Nf3 Nf6 4. cxd5 exd5 5. Nc3 c6 6. Bg5 Be7 7. e3 0-0 8. Bd3 Re8 9. Bxf6 Bxf6 10. 0-0 Nd7 11. b4 Nf8 12. Qb3 Be6 13. Na4 b6 14. Rac1 Rc8 15. Qb1 Qd7 16. b5 Re7 17. bxc6 Rxc6 18. Bb5 Rxc1 19. Rxc1 Qd6 20. Nc3 Rc7 21. Be2 Qa3 22. Qc2 Bf5 23. e4 dxe4 24. Nd2 e3 25. Ndb1 Bxc2 26. Nxa3 Rxc3 27. Nb5 exf2+ 28. Kxf2 Bg5 0-1

[Event "POL-ch U16"]
[Site "Sypniewo"]
[Date "2022.03.26"]
[Round "8"]
[White "Taranowicz, Michal"]
[Black "Demski, Michal"]
[Result "1-0"]
[WhiteElo "1965"]
[BlackElo "1678"]
[PlyCount "49"]
[EventDate "2022.03.19"]
[EventType "swiss"]
[EventRounds "9"]
[EventCountry "POL"]
[SourceTitle "CBM 207 Extra"]
[Source "ChessBase"]
[SourceDate "2022.05.31"]
[SourceVersion "1"]
[SourceVersionDate "2022.05.31"]
[SourceQuality "1"]

1. e4 d5 2. exd5 Qxd5 3. Nc3 Qd8 4. d4 Nf6 5. Bg5 c6 6. Bc4 Bf5 7. Nf3 e6 8. Qe2 Be7 9. 0-0 0-0 10. Rad1 h6 11. Bh4 Nbd7 12. Ne5 Nd5 13. Bxd5 Bxh4 14. Bb3 Qc7 15. f4 Rad8 16. Ne4 Be7 17. Ng3 Bh7 18. Nxf7 Rxf7 19. Qxe6 Bf6 20. Qxf7+ Kh8 21. Rfe1 Rf8 22. Re8 Qd6 23. Rxf8+ Nxf8 24. Nf5 Qd8 25. Re1 1-0

[Event "POL-ch U16"]
[Site "Sypniewo"]
[Date "2022.03.22"]
[Round "4"]
[White "Demski, Michal"]
[Black "Ciszewski, Krzysztof"]
[Result "1/2-1/2"]
[WhiteElo "1678"]
[BlackElo "1939"]
[PlyCount "61"]
[EventDate "2022.03.19"]
[EventType "swiss"]
[EventRounds "9"]
[EventCountry "POL"]
[SourceTitle "CBM 207 Extra"]
[Source "ChessBase"]
[SourceDate "2022.05.31"]
[SourceVersion "1"]
[SourceVersionDate "2022.05.31"]
[SourceQuality "1"]

1. e4 c5 2. Ne2 d6 3. g3 g6 4. Bg2 Bg7 5. c3 e6 6. d4 cxd4 7. cxd4 Ne7 8. 0-0 0-0 9. Nbc3 a6 10. Be3 b5 11. Qd2 Bb7 12. Nc1 Nd7 13. Bh6 Rc8 14. Bxg7 Kxg7 15. Nd3 Qb6 16. Ne2 Nc6 17. Ndf4 Nf6 18. Rfd1 Na5 19. Qd3 Nc4 20. Rab1 a5 21. b3 Na3 22. Rbc1 b4 23. h3 Rfd8 24. Qe3 Nc2 25. Qd3 Na3 26. Qe3 Nc2 27. Qd3 Na3 28. Qe3 Nc2 29. Qd3 Na3 30. Qe3 Nc2 31. Qd3 1/2-1/2

[Event "POL-ch U15 Qual"]
[Site "Jastrzebia Gora"]
[Date "2021.11.21"]
[Round "9"]
[White "Malinowski, Szymon"]
[Black "Demski, Michal"]
[Result "1/2-1/2"]
[WhiteElo "1601"]
[BlackElo "1756"]
[PlyCount "63"]
[EventDate "2021.11.15"]
[EventType "swiss"]
[EventRounds "9"]
[EventCountry "POL"]
[SourceTitle "EXT 2023"]
[Source "ChessBase"]
[SourceDate "2022.10.05"]
[SourceVersion "1"]
[SourceVersionDate "2022.10.05"]
[SourceQuality "1"]

1. d4 d5 2. Bf4 Nf6 3. Nf3 c5 4. e3 Nc6 5. Nc3 a6 6. Be2 cxd4 7. exd4 Bf5 8. a3 e6 9. 0-0 Bd6 10. Bg5 Be7 11. Re1 0-0 12. Bd3 Bg4 13. Be3 Rc8 14. Ne2 Bh5 15. c3 Bg6 16. Nf4 Bxd3 17. Nxd3 Ne4 18. Nfe5 Nxe5 19. Nxe5 Bd6 20. Nd3 Be7 21. f3 Nd6 22. Bf4 Nc4 23. Qe2 Bd6 24. Bc1 Qe7 25. f4 Bb8 26. Qf3 Qf6 27. g3 Nd6 28. Ne5 Rfd8 29. Be3 Ne4 30. Kh1 Bd6 31. Rg1 b5 32. Nd3 1/2-1/2

[Event "Wroclaw op-A"]
[Site "Wroclaw"]
[Date "2021.08.08"]
[Round "9"]
[White "Demski, Michal"]
[Black "Borowski, Przemyslaw"]
[Result "1-0"]
[WhiteElo "1831"]
[BlackElo "1859"]
[PlyCount "47"]
[EventDate "2021.08.01"]
[EventType "swiss"]
[EventRounds "9"]
[EventCountry "POL"]
[SourceTitle "CBM 203 Extra"]
[Source "ChessBase"]
[SourceDate "2021.09.30"]
[SourceVersion "1"]
[SourceVersionDate "2021.09.30"]
[SourceQuality "1"]

1. e4 c6 2. d3 d5 3. Nd2 e5 4. Ngf3 Bd6 5. g3 Ne7 6. Bg2 0-0 7. 0-0 f5 8. Re1 fxe4 9. dxe4 d4 10. Nc4 Ng6 11. c3 c5 12. Ng5 Be7 13. Nxh7 Kxh7 14. Qh5+ Kg8 15. Qxg6 Nc6 16. f4 dxc3 17. bxc3 Qd3 18. Bf1 Qxc3 19. Bb2 Qb4 20. Bxe5 Nxe5 21. Nxe5 Qd4+ 22. Kh1 Qd6 23. Bc4+ Kh8 24. Qh5+ 1-0

[Event "Wroclaw op-A"]
[Site "Wroclaw"]
[Date "2021.08.07"]
[Round "8"]
[White "Demski, Michal"]
[Black "Lambrecht, Tomasz"]
[Result "1/2-1/2"]
[WhiteElo "1831"]
[BlackElo "1769"]
[PlyCount "94"]
[EventDate "2021.08.01"]
[EventType "swiss"]
[EventRounds "9"]
[EventCountry "POL"]
[SourceTitle "CBM 203 Extra"]
[Source "ChessBase"]
[SourceDate "2021.09.30"]
[SourceVersion "1"]
[SourceVersionDate "2021.09.30"]
[SourceQuality "1"]

1. e4 c5 2. Nc3 d6 3. d4 cxd4 4. Qxd4 Nc6 5. Qd2 g6 6. b3 Bg7 7. Bb2 Nf6 8. 0-0-0 0-0 9. f3 Be6 10. Kb1 Qa5 11. g4 Rac8 12. Nge2 b5 13. Nf4 a6 14. h4 Rc7 15. Bh3 Ne8 16. Nxe6 fxe6 17. g5 Nd8 18. Ne2 Qxd2 19. Rxd2 Rxf3 20. Nd4 Bxd4 21. Bxd4 Rb7 22. Bg2 Rf7 23. h5 gxh5 24. Rxh5 Ng7 25. Rh6 Rb8 26. Bh3 e5 27. Bc3 b4 28. Bb2 Rf4 29. g6 hxg6 30. Rxg6 Kf7 31. Rdg2 Nde6 32. Bc1 Rf6 33. R6g3 Nh5 34. Bxe6+ Kxe6 35. Rh2 Nf4 36. Rg7 Rbf8 37. Bd2 a5 38. Rhh7 Re8 39. a3 bxa3 40. Bxa5 Kd7 41. Ka2 Ne6 42. Rg2 Ra8 43. b4 Rf4 44. Kxa3 Rxe4 45. c3 Re3 46. Kb2 Rc8 47. Rc2 d5 1/2-1/2

[Event "Wroclaw op-A"]
[Site "Wroclaw"]
[Date "2021.08.05"]
[Round "6"]
[White "Demski, Michal"]
[Black "Smietanska, Wiktoria"]
[Result "1/2-1/2"]
[WhiteElo "1831"]
[BlackElo "1809"]
[PlyCount "60"]
[EventDate "2021.08.01"]
[EventType "swiss"]
[EventRounds "9"]
[EventCountry "POL"]
[SourceTitle "CBM 203 Extra"]
[Source "ChessBase"]
[SourceDate "2021.09.30"]
[SourceVersion "1"]
[SourceVersionDate "2021.09.30"]
[SourceQuality "1"]

1. e4 c5 2. Nc3 g6 3. g3 Bg7 4. Bg2 Nc6 5. d3 d6 6. Be3 e6 7. Qd2 Nd4 8. Bxd4 cxd4 9. Nce2 Ne7 10. f4 0-0 11. Nf3 Nc6 12. 0-0 b5 13. Kh1 Rb8 14. Nh4 Ne7 15. f5 exf5 16. exf5 Nxf5 17. Nxf5 Bxf5 18. Rxf5 gxf5 19. Rf1 Qe7 20. Rxf5 Qe3 21. Qd1 Rfe8 22. Ng1 Re5 23. Rf4 Rc8 24. Rg4 Qf2 25. Rxg7+ Kxg7 26. Qg4+ Kf6 27. Qxc8 Re1 28. Qd8+ Kg7 29. Qg5+ Kh8 30. Qd8+ Kg7 1/2-1/2

[Event "Wroclaw Anderssen Memorial"]
[Site "Wroclaw"]
[Date "2021.07.31"]
[Round "2"]
[White "Demski, Michal"]
[Black "Borkowski, Franciszek"]
[Result "1-0"]
[WhiteElo "1768"]
[BlackElo "2257"]
[PlyCount "95"]
[EventDate "2021.07.31"]
[EventType "swiss (rapid)"]
[EventRounds "9"]
[EventCountry "POL"]
[SourceTitle "CBM 203 Extra"]
[Source "ChessBase"]
[SourceDate "2021.09.30"]
[SourceVersion "1"]
[SourceVersionDate "2021.09.30"]
[SourceQuality "1"]

1. e4 e5 2. Nf3 Nc6 3. Bc4 Bc5 4. d3 Nf6 5. c3 a6 6. Bb3 0-0 7. Nbd2 d5 8. Qe2 d4 9. Nc4 Qe7 10. Bg5 h6 11. Bh4 Bg4 12. h3 Bxf3 13. Qxf3 Rad8 14. Bc2 Rd7 15. 0-0 b5 16. Nd2 g5 17. Bg3 Nh7 18. Qf5 Kg7 19. a4 b4 20. c4 Rd6 21. Nf3 Re6 22. a5 Qf6 23. Ba4 Ne7 24. Qxf6+ Kxf6 25. Bd7 Ng6 26. Bxe6 Kxe6 27. Nd2 f6 28. Nb3 Be7 29. Rfc1 h5 30. f3 h4 31. Bh2 c5 32. Kf2 Rg8 33. Nd2 Nhf8 34. Rg1 Kd6 35. g3 hxg3+ 36. Bxg3 Rh8 37. Rh1 Ne6 38. Nf1 Nef4 39. Bxf4 Nxf4 40. Rd1 Bd8 41. Ng3 Nxh3+ 42. Kf1 Ke6 43. Rd2 Rh4 44. Nf5 Rh7 45. Rdh2 Bxa5 46. Rxh3 Rb7 47. Rh7 Bc7 48. Re7# 1-0

[Event "Wroclaw Anderssen Memorial"]
[Site "Wroclaw"]
[Date "2021.07.31"]
[Round "9"]
[White "Demski, Michal"]
[Black "Kulon, Boguslaw"]
[Result "1-0"]
[WhiteElo "1768"]
[BlackElo "2117"]
[PlyCount "109"]
[EventDate "2021.07.31"]
[EventType "swiss (rapid)"]
[EventRounds "9"]
[EventCountry "POL"]
[SourceTitle "CBM 203 Extra"]
[Source "ChessBase"]
[SourceDate "2021.09.30"]
[SourceVersion "1"]
[SourceVersionDate "2021.09.30"]
[SourceQuality "1"]

1. e4 e6 2. d3 d5 3. Nd2 Nf6 4. Ngf3 Nc6 5. g3 Bc5 6. Bg2 dxe4 7. dxe4 0-0 8. 0-0 e5 9. c3 a5 10. Qc2 b6 11. Nb3 Bd6 12. h3 a4 13. Nbd2 Ba6 14. Re1 Bc5 15. Qxa4 Qe8 16. b4 Bd6 17. Qb3 Qe6 18. Qc2 Rfd8 19. a4 Bb7 20. Ng5 Qe7 21. Nc4 h6 22. Nf3 Qe6 23. Nxd6 Rxd6 24. Ba3 Rd7 25. Rad1 Rad8 26. Rxd7 Rxd7 27. Bb2 Qc4 28. Bf1 Nxb4 29. Qb1 Nd3 30. Nxe5 Nxe5 31. Bxc4 Nxc4 32. e5 Nd5 33. Qa2 Ba6 34. e6 fxe6 35. Rxe6 Nf6 36. Rc6 Rd1+ 37. Kh2 Rd2 38. Rxc4 Bxc4 39. Qxc4+ Kh8 40. Bc1 Rxf2+ 41. Kg1 Rc2 42. Bf4 c5 43. Qb3 Re2 44. Qxb6 Ne4 45. Qd8+ Kh7 46. Qd3 Re1+ 47. Kg2 c4 48. Qxc4 Nf6 49. Qd3+ Kh8 50. a5 Ra1 51. a6 Ra2+ 52. Kf3 h5 53. Be3 h4 54. gxh4 Ra4 55. a7 1-0

[Event "POL-ch U14"]
[Site "Uniejow"]
[Date "2021.07.25"]
[Round "9"]
[White "Herwy, Jakub"]
[Black "Demski, Michal"]
[Result "1/2-1/2"]
[WhiteElo "1916"]
[BlackElo "1768"]
[PlyCount "72"]
[EventDate "2021.07.18"]
[EventType "swiss"]
[EventRounds "9"]
[EventCountry "POL"]
[SourceTitle "EXT 2022"]
[Source "ChessBase"]
[SourceDate "2021.10.06"]
[SourceVersion "1"]
[SourceVersionDate "2021.10.06"]
[SourceQuality "1"]

1. e4 e5 2. Nc3 Nf6 3. f4 d5 4. fxe5 Nxe4 5. Qf3 f5 6. d3 Nxc3 7. bxc3 Be7 8. d4 0-0 9. Ne2 c6 10. Nf4 Qe8 11. h4 Qf7 12. Be2 b6 13. Qg3 g6 14. a4 Na6 15. Ba3 Nc7 16. 0-0 Bxa3 17. Rxa3 Ne6 18. a5 Nxf4 19. Qxf4 b5 20. Raa1 Be6 21. Rf3 Kg7 22. Kf2 Rg8 23. Ke3 h5 24. Kd2 Rh8 25. Rff1 Rad8 26. Qg5 Rde8 27. Rf3 Rh6 28. Bd3 Kh7 29. Raf1 Rf8 30. Rf4 Qg7 31. R1f3 Rf7 32. Rg3 Re7 33. Be2 Rf7 34. Rf1 Re7 35. Bd3 Rf7 36. Qe3 Qf8 1/2-1/2

[Event "POL-ch U14"]
[Site "Uniejow"]
[Date "2021.07.22"]
[Round "5"]
[White "Demski, Michal"]
[Black "Krasniewski, Maciej"]
[Result "1-0"]
[WhiteElo "1768"]
[BlackElo "1572"]
[PlyCount "95"]
[EventDate "2021.07.18"]
[EventType "swiss"]
[EventRounds "9"]
[EventCountry "POL"]
[SourceTitle "EXT 2022"]
[Source "ChessBase"]
[SourceDate "2021.10.06"]
[SourceVersion "1"]
[SourceVersionDate "2021.10.06"]
[SourceQuality "1"]

1. d4 Nf6 2. Bf4 g6 3. Nc3 Bg7 4. e4 d6 5. Qd2 0-0 6. 0-0-0 c6 7. f3 Qa5 8. Kb1 e5 9. dxe5 dxe5 10. Nd5 Qxd2 11. Nxf6+ Bxf6 12. Bxd2 Be6 13. Bc3 Nd7 14. Ne2 Rfd8 15. Nc1 Nc5 16. Nd3 Bc4 17. Be2 Bxd3 18. Bxd3 Nxd3 19. Rxd3 Rxd3 20. cxd3 Rd8 21. Kc2 Bg7 22. g3 Kf8 23. Rf1 Ke7 24. f4 f6 25. g4 exf4 26. Rxf4 Ke6 27. Rf3 Rd7 28. h4 h6 29. h5 gxh5 30. gxh5 Rd8 31. Rg3 Kf7 32. Rg6 Rg8 33. Kb3 b5 34. Bd2 Rh8 35. Be3 a5 36. Kc3 f5+ 37. Rxg7+ Kxg7 38. Bd4+ Kh7 39. Bxh8 Kxh8 40. exf5 Kg7 41. Kd4 Kf6 42. Ke4 c5 43. Kf4 c4 44. dxc4 bxc4 45. a4 c3 46. bxc3 Kf7 47. Ke5 Ke7 48. c4 1-0